| 000 | 00776nam a22001697a 4500 | ||
|---|---|---|---|
| 010 | _aHIN-130344 | ||
| 020 |
_a9789392655111 _c200 |
||
| 035 | _aHN-102690 | ||
| 037 | _bDBAD | ||
| 082 | _a821 | ||
| 100 |
_aजोशी, आराधना _984531 |
||
| 245 |
_aये पहाड़ी रंग की आँखेँ: _cआराधना जोशी _bकविता-संग्रह |
||
| 260 |
_aराजस्थान _bकलासन प्रकाशन _c2023 |
||
| 270 |
_aमालगोदाम रोड, अलखसागर, बीकानेर _bराजस्थान _e334001 _mcentraloffice@oreintblackswan.com |
||
| 300 |
_a120पृष्ठ; _c22सेमी(सजिल्द) |
||
| 942 |
_2ddc _cHN _h821 _mजोशी |
||
| 999 |
_c213264 _d213264 |
||